<?xml version="1.0" encoding="UTF-8"?>
<collection xmlns="http://www.loc.gov/MARC21/slim">
 <record>
  <leader>01535aam a22003738a 4500</leader>
  <controlfield tag="001">000015471</controlfield>
  <controlfield tag="003">11851</controlfield>
  <controlfield tag="005">20120529080555.0</controlfield>
  <controlfield tag="008">120529s2005                        viesd</controlfield>
  <datafield tag="020" ind1=" " ind2=" ">
   <subfield code="c">47000đ</subfield>
   <subfield code="d">500b</subfield>
  </datafield>
  <datafield tag="041" ind1=" " ind2=" ">
   <subfield code="a">vie</subfield>
  </datafield>
  <datafield tag="082" ind1="1" ind2="4">
   <subfield code="2">14</subfield>
   <subfield code="a">959.7</subfield>
   <subfield code="b">LƯ-N</subfield>
  </datafield>
  <datafield tag="084" ind1=" " ind2=" ">
   <subfield code="a">P3(1)3-7</subfield>
  </datafield>
  <datafield tag="084" ind1=" " ind2=" ">
   <subfield code="b">V000Q</subfield>
  </datafield>
  <datafield tag="100" ind1="0" ind2=" ">
   <subfield code="a">Lương Ninh</subfield>
  </datafield>
  <datafield tag="245" ind1=" " ind2=" ">
   <subfield code="a">Vương quốc Phù Nam</subfield>
   <subfield code="b">Lịch sử và văn hoá : Sách tham khảo</subfield>
   <subfield code="c">Lương Ninh</subfield>
  </datafield>
  <datafield tag="260" ind1=" " ind2=" ">
   <subfield code="a">H.</subfield>
   <subfield code="b">Văn hoá Thông tin ; Viện Văn hoá</subfield>
   <subfield code="c">2005</subfield>
  </datafield>
  <datafield tag="300" ind1=" " ind2=" ">
   <subfield code="a">304tr.; 4 tr. ảnh</subfield>
   <subfield code="c">21cm</subfield>
  </datafield>
  <datafield tag="504" ind1=" " ind2=" ">
   <subfield code="a">Phụ lục: tr. 197-292. - Thư mục: tr.293</subfield>
  </datafield>
  <datafield tag="520" ind1=" " ind2=" ">
   <subfield code="a">Lịch sử hình thành, phát triển và tồn tại của vương quốc Phù Nam trong bối cảnh lịch sử Nam Bộ thời tiền sử và cổ sử. Đặc điểm văn hoá lịch sử của Phù Nam qua các cứ liệu khảo cổ học và thư tịch cổ Trung Quốc</subfield>
  </datafield>
  <datafield tag="650" ind1=" " ind2="7">
   <subfield code="2">Bộ TK TVQG</subfield>
   <subfield code="a">Lịch sử cổ đại</subfield>
  </datafield>
  <datafield tag="650" ind1=" " ind2="7">
   <subfield code="2">Bộ TK TVQG</subfield>
   <subfield code="a">Văn hoá</subfield>
  </datafield>
  <datafield tag="651" ind1=" " ind2="7">
   <subfield code="2">Bộ TK TVQG</subfield>
   <subfield code="a">Việt Nam</subfield>
  </datafield>
  <datafield tag="653" ind1=" " ind2=" ">
   <subfield code="a">Vương quốc Phù Nam</subfield>
  </datafield>
  <datafield tag="OWN" ind1=" " ind2=" ">
   <subfield code="a">LSP</subfield>
  </datafield>
  <datafield tag="AVA" ind1=" " ind2=" ">
   <subfield code="a">UDN50</subfield>
   <subfield code="b">LSP</subfield>
   <subfield code="d">959.7 LƯ-N</subfield>
   <subfield code="e">available</subfield>
   <subfield code="t">Error 5001 Not defined in file expand_doc_bib_avail.</subfield>
   <subfield code="f">1</subfield>
   <subfield code="g">0</subfield>
   <subfield code="h">N</subfield>
   <subfield code="i">0</subfield>
   <subfield code="k">1</subfield>
  </datafield>
  <datafield tag="999" ind1=" " ind2=" ">
   <subfield code="a">From the UDN01</subfield>
  </datafield>
  <datafield tag="AVA" ind1=" " ind2=" ">
   <subfield code="a">UDN50</subfield>
   <subfield code="b">LSP</subfield>
   <subfield code="d">959.7 LƯ-N</subfield>
   <subfield code="e">available</subfield>
   <subfield code="t">Error 5001 Not defined in file expand_doc_bib_avail.</subfield>
   <subfield code="f">1</subfield>
   <subfield code="g">0</subfield>
   <subfield code="h">N</subfield>
   <subfield code="i">0</subfield>
   <subfield code="k">1</subfield>
  </datafield>
  <datafield tag="TYP" ind1=" " ind2=" ">
   <subfield code="a">Monograph</subfield>
  </datafield>
  <datafield tag="TYP" ind1=" " ind2=" ">
   <subfield code="a">Printed language</subfield>
  </datafield>
  <datafield tag="980" ind1=" " ind2=" ">
   <subfield code="a">Mạng thư viện Đại học Đà Nẵng</subfield>
  </datafield>
 </record>
</collection>
